Power, knowledge and the self /

Furkejuvvon:
Bibliográfalaš dieđut
Váldodahkki: Burkitt, Ian
Materiálatiipa: Texto
Fáddágilkorat: Lasit fáddágilkoriid
Eai fáddágilkorat, Lasit vuosttaš fáddágilkora!

MARC

LEADER 00000 a a2200000 04500
001 48350
003
040
100 |a Burkitt, Ian  
245 |a Power, knowledge and the self /  |c Ian Burkitt  
500 |a Forma parte de la parte 1 "Personality as Social Discourse"  
773 |g volumen 39, número 3, (1991), páginas 83-109  
999 |c 36924  |d 36924